Elementos de Historia Natural

Saved in:
Bibliografiske detaljer
Hovedforfatter: Philippi, Rodulfo Amando (Author)
Format: Bog
Sprog:spansk
Udgivet: Santiago Librería central de Augusto Raymond 1872
Udgivelse:2a. ed
Fag:
Tags: Tilføj Tag
Ingen Tags, Vær først til at tagge denne postø!

MARC

LEADER 00000nam a2200000 a 4500
001 UCJ4415
003 CL-VaPUC
008 070124e18720000CL |||||||||||||||||spa|d
082 0 4 |a 570  |b PHI  |2 21 
100 0 |a Philippi, Rodulfo Amando  |e author  |9 505016 
245 1 0 |a Elementos de Historia Natural 
246 1 0 |a Atlas para los Elementos de Historia natural 
250 |a 2a. ed 
300 |a 381 p 
942 |c BK 
945 |d 20070124 00:00:00  |a rinostro 
260 |a Santiago  |b Librería central de Augusto Raymond  |c 1872 
500 |a Ilustraciones 
650 0 |a Biología  |9 262022 
650 0 |a Botánica  |9 264202 
650 0 |a Zoología  |9 261613 
650 7 |a SISTEMATICA  |2 CL-VaPUC  |9 505975 
650 0 |a Ilustraciones  |9 369481 
583 |a last modification  |c 20070124 00:00:00  |k Rodrigo Vera 
999 |c 320531  |d 320529 
952 |0 0  |1 0  |4 0  |6 570_000000000000000_PHI_1872  |7 0  |8 X  |9 399073  |a FDOBUD  |b FDOBUD  |d 2019-11-22  |i 1018000  |o 570 PHI 1872  |p 1018000  |r 2019-11-22  |w 2019-11-22  |y BK_X  |k BUD